Top 200 Baby Names of 2000: Boys Quiz Stats

 Plays Quiz not verified by Sporcle

Support Sporcle.
Go Orange.
Score 0/200 Timer 15:00
0 Plays Today
Rank Name % Correct
2Michael
94.7%
14John
94.6%
18James
92.4%
9Daniel
92.4%
11William
92.1%
3Matthew
92.1%
16David
92%
1Jacob
91.1%
5Christopher
90.8%
46Jack
90.7%
34Jose
90.6%
62Alex
90.6%
7Andrew
89.6%
33Thomas
89.3%
29Robert
89.3%
20Alexander
89%
8Joseph
88.2%
100Paul
87.5%
79Mark
86.4%
28Samuel
86.2%
125Peter
86.1%
30Nathan
85.3%
4Joshua
85.1%
21Jonathan
84.9%
54Steven
84.6%
65Richard
84.6%
13Ryan
84.5%
51Charles
84.3%
197Andre
84.3%
6Nicholas
84.1%
26Benjamin
84.1%
59Luke
83.9%
15Zachary
83.6%
32Kevin
83.5%
43Brian
83%
45Adam
83%
17Anthony
82.8%
95Stephen
82.8%
39Jason
82.3%
130George
82.1%
19Justin
81.5%
126Henry
81.1%
37Kyle
80.9%
25Ethan
80.8%
42Eric
80.7%
10Tyler
80.4%
108Edward
80.4%
41Aaron
80.3%
83Lucas
80.2%
12Brandon
79.9%
58Timothy
79.8%
72Jackson
78.7%
57Sean
77.9%
61Nathaniel
77.2%
70Bryan
77.1%
22Christian
77%
55Evan
76.3%
99Marcus
76.3%
68Patrick
75.4%
73Ian
74.8%
84Jeremy
74.1%
97Victor
73.8%
53Isaac
73.2%
36Jordan
73.2%
27Noah
73.1%
96Jake
72.3%
135Shawn
72%
Rank Name % Correct
120Vincent
71.4%
24Dylan
71.3%
138Gregory
70.1%
50Connor
68.3%
131Bradley
68.3%
140Liam
67.2%
94Kenneth
67%
136Taylor
66.8%
48Juan
66.2%
40Logan
66.1%
64Mason
66.1%
104Jeffrey
65.9%
23Austin
65.4%
38Caleb
64.8%
145Owen
64.4%
31Cameron
64.3%
194Jayden
64.2%
52Elijah
63.5%
143Erik
63.4%
66Carlos
63.1%
102Jeremiah
63%
121Derek
62.9%
161Alan
62.7%
158Scott
62.3%
198Phillip
61.5%
60Cody
61.5%
47Isaiah
61.2%
76Jesus
59.8%
101Brendan
59.8%
71Cole
59.2%
175Martin
58.9%
164Max
58.8%
35Hunter
58.8%
103Xavier
58.8%
44Gabriel
58.7%
152Carter
58.3%
82Antonio
57.7%
90Jesse
57.7%
87Julian
57.5%
116Shane
57.2%
114Aidan
56.5%
77Chase
56.3%
75Trevor
56.2%
149Corey
55.3%
80Blake
55.2%
122Oscar
54.9%
63Seth
54.2%
115Travis
54.1%
85Gavin
53.9%
56Jared
52.6%
162Raymond
51.7%
112Joel
51.3%
117Colin
51.3%
86Miguel
50.8%
154Jaden
50.2%
128Hayden
50.1%
132Mitchell
49.9%
78Adrian
49.6%
163Brett
49.6%
200Landon
48.6%
148Dustin
48.4%
110Wyatt
48.2%
119Carson
47.8%
192Jonah
47.7%
199Brayden
47.6%
49Luis
47.6%
69Devin
47.5%
Rank Name % Correct
113Maxwell
46.4%
153Ivan
46.4%
127Parker
46.2%
109Riley
45.9%
89Alejandro
45.8%
74Garrett
45.7%
123Grant
45.4%
189Brady
45.4%
92Bryce
45.2%
105Tristan
44.2%
81Sebastian
44.1%
67Angel
43.8%
191Conner
43.5%
188Drew
43.4%
129Collin
42.9%
187Roberto
42.5%
111Colton
42.3%
196Edwin
42.1%
171Wesley
41.8%
107Jorge
41.4%
118Dominic
41.1%
157Johnathan
41%
134Ricardo
39.9%
169Dillon
39.9%
184Harrison
38.2%
137Nicolas
37.8%
142Preston
37.5%
133Devon
37.3%
147Diego
36.7%
183Peyton
36.5%
181Josiah
36.4%
155Javier
35.5%
186Micah
35.4%
98Spencer
34.8%
159Manuel
34.5%
193Casey
34.1%
139Francisco
34%
172Levi
33.9%
93Tanner
33.8%
180Nolan
33.6%
177Edgar
33.5%
124Eduardo
32.7%
167Mario
32.1%
190Erick
31.2%
182Marco
30.2%
146Omar
29.5%
151Clayton
29.1%
165Andres
28.5%
150Fernando
28%
144Alexis
27.1%
141Kaleb
26.4%
156Alec
25%
88Dakota
24.6%
195Emmanuel
23.2%
178Trenton
23.2%
160Cristian
20.8%
173Jakob
20.3%
185Hector
20.1%
166Gage
19.8%
91Dalton
18%
179Sergio
15.2%
174Chandler
14.1%
168Dawson
11.9%
106Jalen
8.7%
170Cesar
7.8%
176Malik
6.6%

You're not logged in!

Compare scores with friends on all Sporcle quizzes.
OR
Log In

From the Vault

My Friends Call Me... II

by aquascape

If you don't have a cool nickname and you're a character in a war movie, that means you're going to die.
Remove Ads.
Support Sporcle.
Get the best of Sporcle when you Go Orange. This ad-free experience offers more features, more stats, and more fun while also helping to support Sporcle. Thank you for becoming a member.

Show Comments

Extras

Top Quizzes Today


Score Distribution

Your Account Isn't Verified!

In order to create a playlist on Sporcle, you need to verify the email address you used during registration. Go to your Sporcle Settings to finish the process.

Report this User

Report this user for behavior that violates our Community Guidelines.

Details: